|
|
|
|
| LEADER |
00000nam0a2200000 4500 |
| 001 |
64330 |
| 005 |
20231031065538.0 |
| 035 |
|
|
|a (RuTPU)RU\TPU\book\68272
|
| 090 |
|
|
|a 64330
|
| 100 |
|
|
|a 20040528d1956 m y0rusy50 ca
|
| 101 |
0 |
|
|a rus
|
| 102 |
|
|
|a RU
|
| 105 |
|
|
|a a j 001zy
|
| 200 |
1 |
|
|a Бурение нефтяных и газовых скважин
|e учебник
|f Ю. В. Вадецкий, И. Ф. Шалимов
|
| 210 |
|
|
|a Москва
|d 1956
|c Гостоптехиздат
|
| 215 |
|
|
|a 418 с.
|c ил.
|
| 320 |
|
|
|a Библиогр.: с. 412-413.
|
| 610 |
1 |
|
|a нефть
|
| 610 |
1 |
|
|a газ
|
| 610 |
1 |
|
|a бурение
|
| 610 |
1 |
|
|a оборудование
|
| 610 |
1 |
|
|a аварии
|
| 610 |
1 |
|
|a проектно-сметная документация
|
| 610 |
1 |
|
|a учебники
|
| 610 |
1 |
|
|a скважины
|
| 675 |
|
|
|a 622.243.23(075)
|v 3
|
| 700 |
|
1 |
|a Вадецкий
|b Ю. В.
|g Юрий Вячеславович
|
| 701 |
|
1 |
|a Шалимов
|b И. Ф.
|g Иван Федорович
|
| 801 |
|
1 |
|a RU
|b 63413507
|c 20040528
|g PSBO
|
| 801 |
|
2 |
|a RU
|b 63413507
|c 20100302
|g PSBO
|
| 900 |
|
|
|a Бурение и испытание нефтегазовых скважин
|
| 942 |
|
|
|c BK
|